000 00572nam a2200193 i 4500
001 135365
003 ES-MaACL
005 20230906194851.0
007 t|
008 070717s1966 sp ||||1| spa d
080 _a940.42(047)
100 1 _aToland, John.
_9110437
245 1 4 _aLos últimos cien días /
_cJohn Toland.
250 _a1ª ed.
260 _aBarcelona, etc. :
_bBruguera,
_c[1966]
300 _a742 p. :
_bil., 2 map. ;
_c22 cm.
650 1 4 _aGuerra mundial, 1939-1945-
_vRelatos personales españoles.
_913256
852 _aES-MaACL
_jC-30717
_bR.60709
999 _c135365
_d135365